000 00877nam a2200253Ia 4500
003 OSt
005 20221005111139.0
006 a|||||r|||| 00| 0
007 ta
008 221004b |||||||| |||| 00| 0 hin d
020 _a9789350005187 (hbk)
_c395
024 _a105805
037 _b1466, 17/03/2011, Kiran Book Service
_cTextual
040 _aCRL
_cCRL
_bhin
041 _2hin
_ahin
082 _aO152,3N533,1, Q1
100 _aशुक्ल, ध्रुव
245 0 _aउसी शहर में उसका घर
246 _aUsī shahar mean usakā ghara
260 _aनई दिल्ली
_bवाणी प्रकाशन भारत
_c2011
300 _a233पृ0
_ccm.
942 _hO152,3N533,1, Q1
_cTEXL
_2cc
999 _c1020958
_d1020958